[Event "9th Sunway Sitges 2022"]
[Site "Sitges ESP"]
[Date "2022.12.19"]
[Round "7.70"]
[White "Ribera Veganzones, Serni"]
[Black "Meister, Peter"]
[Result "0-1"]
[WhiteTitle "CM"]
[BlackTitle "IM"]
[WhiteElo "2199"]
[BlackElo "2347"]
[WhiteFideId "6900860"]
[BlackFideId "4600207"]
[EventDate "2022.12.12"]

1. e4 e6 2. d4 d5 3. Nc3 Nc6 4. e5 f6 5. Bb5 Bd7 6. Nf3 Qe7 7. O-O O-O-O 8. Re1
Qf7 9. Rb1 Nge7 10. b4 Rg8 11. a4 g5 12. exf6 Qxf6 13. Ne5 Bg7 14. Bxc6 Nxc6 15.
Nxc6 Bxc6 16. b5 Be8 17. Be3 h5 18. a5 Bf8 19. b6 cxb6 20. axb6 a6 21. Qd2 Bd6
22. Ra1 Kb8 23. Reb1 Rg7 24. Na4 Bxa4 25. Rxa4 Rc8 26. Qe2 Qf5 27. Rc1 g4 28.
Rxa6 bxa6 29. Qxa6 Qf7 30. b7 Rd8 31. Rb1 Kc7 32. b8=Q+ Rxb8 33. Qa7+ Kc8 34.
Qa6+ Rb7 35. Qc6+ Qc7 36. Qe8+ Qd8 37. Qc6+ Kb8 38. Ra1 Rgc7 39. Qa6 Ra7 40.
Qb6+ Rab7 41. Qa6 Rxc2 42. Bg5 Qf8 43. Qa8+ Kc7 44. Qa5+ Kd7 45. Qa4+ Rc6 46.
Rc1 Qc8 47. g3 Rb4 48. Qa7+ Qc7 0-1

[Event "9th Sunway Sitges 2022"]
[Site "Sitges ESP"]
[Date "2022.12.19"]
[Round "7.71"]
[White "Borocz, Istvan1"]
[Black "De Santis, Alessio"]
[Result "1/2-1/2"]
[WhiteTitle "IM"]
[BlackTitle "FM"]
[WhiteElo "2334"]
[BlackElo "2159"]
[WhiteFideId "703036"]
[BlackFideId "803405"]
[EventDate "2022.12.12"]

1. e4 b6 2. d4 Bb7 3. Bd3 Nf6 4. Qe2 Nc6 5. c3 e5 6. Nf3 d6 7. O-O Be7 8. Rd1
O-O 9. Nbd2 Qc8 10. Nf1 Re8 11. Ng3 g6 12. Bb5 exd4 13. cxd4 a6 14. Ba4 b5 15.
Bb3 Na5 16. Bc2 c5 17. Bd2 Nc4 18. Bc3 d5 19. dxc5 dxe4 20. Bxe4 Nxe4 21. Nxe4
Bxe4 22. Qxe4 Bxc5 23. Qf4 Qf5 24. Qxf5 gxf5 25. Rd5 Rac8 26. Rxf5 f6 27. Rxf6
Re2 28. Nd4 Bxd4 29. Bxd4 Nxb2 30. Rxa6 Rcc2 31. Ra7 Nc4 32. Rg7+ Kf8 33. Rxh7
Red2 34. Bf6 Rxf2 35. Rf1 Rxf1+ 36. Kxf1 Ne3+ 37. Ke1 Nxg2+ 38. Kd1 Ne3+ 39. Ke1
Ng2+ 40. Kd1 Ne3+ 41. Ke1 Ng2+ 1/2-1/2

[Event "9th Sunway Sitges 2022"]
[Site "Sitges ESP"]
[Date "2022.12.19"]
[Round "7.73"]
[White "Kholopov, Alexander A."]
[Black "Reprintsev, Alexander"]
[Result "1-0"]
[WhiteTitle "FM"]
[BlackTitle "IM"]
[WhiteElo "2146"]
[BlackElo "2330"]
[WhiteFideId "4148100"]
[BlackFideId "14100541"]
[EventDate "2022.12.12"]

1. d4 d5 2. c4 dxc4 3. Nf3 a6 4. e3 b5 5. a4 Bb7 6. b3 e6 7. bxc4 b4 8. c5 Nc6
9. Qc2 g6 10. Bb2 Nf6 11. Nbd2 Bg7 12. Be2 O-O 13. O-O Qe7 14. Nc4 Rfd8 15. a5
Nd5 16. Rfc1 f5 17. Bf1 Qe8 18. Re1 Nf6 19. Nfe5 Ne7 20. Qb3 Rab8 21. f3 Bd5 22.
Qc2 Nc6 23. Nxc6 Bxc6 24. e4 fxe4 25. fxe4 b3 26. Qd3 Nd7 27. Qg3 Nf8 28. Qxc7
Rb7 29. Qg3 Rxd4 30. Nd6 Rxd6 31. Bxg7 Rd8 32. Bb2 e5 33. Bc4+ 1-0

[Event "9th Sunway Sitges 2022"]
[Site "Sitges ESP"]
[Date "2022.12.19"]
[Round "7.74"]
[White "Karavade, Eesha"]
[Black "Mahitosh, Dey"]
[Result "1-0"]
[WhiteTitle "IM"]
[BlackTitle "FM"]
[WhiteElo "2325"]
[BlackElo "2134"]
[WhiteFideId "5012600"]
[BlackFideId "25091468"]
[EventDate "2022.12.12"]

1. e4 e5 2. Bc4 Nf6 3. d3 Nc6 4. Nf3 Bc5 5. O-O d6 6. c3 O-O 7. h3 a6 8. b4 Bb6
9. Re1 Ne7 10. Be3 c6 11. Bxb6 Qxb6 12. Nbd2 Ng6 13. Bb3 Qc7 14. d4 Bd7 15. dxe5
dxe5 16. Nc4 Rad8 17. Qd6 Qxd6 18. Nxd6 Bc8 19. Rad1 Rd7 20. Ng5 Nh8 21. Ne6
fxe6 22. Bxe6+ Nf7 23. Nxc8 Rxd1 24. Rxd1 Kh8 25. Bxf7 Rxc8 26. f3 g5 27. Be6
Re8 28. Rd6 Kg7 29. Kf2 h5 30. Ke3 h4 31. Bf5 Kf7 32. c4 a5 33. b5 Ke7 34. c5
Rd8 35. Re6+ Kf7 36. bxc6 Nh5 37. c7 Rc8 38. Re7+ Kxe7 39. Bxc8 b6 40. Bf5 1-0

[Event "9th Sunway Sitges 2022"]
[Site "Sitges ESP"]
[Date "2022.12.19"]
[Round "7.75"]
[White "Priyanka, Nutakki"]
[Black "Panjer, Sidney"]
[Result "1-0"]
[WhiteTitle "WGM"]
[WhiteElo "2316"]
[BlackElo "2100"]
[WhiteFideId "25049615"]
[BlackFideId "16207041"]
[EventDate "2022.12.12"]

1. Nf3 Nf6 2. c4 e6 3. g3 d5 4. Bg2 dxc4 5. Qa4+ c6 6. Qxc4 b5 7. Qc2 Bb7 8. O-O
Nbd7 9. d4 c5 10. a4 a6 11. Bg5 Rc8 12. axb5 axb5 13. Bxf6 Nxf6 14. Qb3 Bc6 15.
Ne5 Bxg2 16. Qxb5+ Bc6 17. Nxc6 Qd7 18. Ra6 Nd5 19. Qa4 cxd4 20. Rc1 Bd6 21. Ra7
Bc7 22. Qxd4 Be5 23. Qxe5 Qxa7 24. Nxa7 Rxc1+ 25. Kg2 O-O 26. Nc3 1-0

[Event "9th Sunway Sitges 2022"]
[Site "Sitges ESP"]
[Date "2022.12.19"]
[Round "7.76"]
[White "Dixit, Nikhil"]
[Black "Halegua, Dani"]
[Result "1-0"]
[WhiteTitle "FM"]
[WhiteElo "2306"]
[BlackElo "2095"]
[WhiteFideId "5059534"]
[BlackFideId "36092398"]
[EventDate "2022.12.12"]

1. e4 e6 2. Qe2 e5 3. Nf3 Nc6 4. g3 Nf6 5. Bg2 Bc5 6. O-O O-O 7. c3 d5 8. d3
dxe4 9. dxe4 a5 10. Nh4 b6 11. Rd1 Qe8 12. Be3 Ba6 13. Qe1 Bxe3 14. Qxe3 Rd8 15.
Rxd8 Qxd8 16. Na3 Qd3 17. Nf5 Qxe3 18. Nxe3 Rd8 19. Nd5 Nxd5 20. exd5 Ne7 21.
Re1 f6 22. c4 Nf5 23. b3 Kf7 24. Nc2 Nd6 25. Ne3 Bc8 26. Rc1 Nf5 27. c5 Nxe3 28.
fxe3 f5 29. e4 fxe4 30. Bxe4 Bh3 31. Kf2 Ke7 32. Ke3 h6 33. Bf3 Bf5 34. g4 Bg6
35. d6+ cxd6 36. cxb6 d5 37. b7 d4+ 38. Kd2 Kd7 39. Bd5 e4 40. Rc8 e3+ 41. Ke1
Rxc8 42. Be6+ Kxe6 43. bxc8=Q+ Ke5 44. Qc5+ Ke4 45. Qc6+ 1-0

[Event "9th Sunway Sitges 2022"]
[Site "Sitges ESP"]
[Date "2022.12.19"]
[Round "7.77"]
[White "Gong, Qianyun"]
[Black "Verbin, Valentina"]
[Result "0-1"]
[WhiteTitle "WGM"]
[WhiteElo "2299"]
[BlackElo "2088"]
[WhiteFideId "8602425"]
[BlackFideId "13905910"]
[EventDate "2022.12.12"]

1. e4 e5 2. Nf3 Nc6 3. Bc4 Bc5 4. c3 Nf6 5. d4 exd4 6. e5 d5 7. Bb5 Ne4 8. cxd4
Bb6 9. Nc3 O-O 10. Be3 Bg4 11. h3 Bh5 12. Qc2 Bg6 13. Qb3 Nxc3 14. Bxc6 bxc6 15.
Qxc3 Be4 16. Qxc6 Ba5+ 17. Kf1 f6 18. exf6 Rxf6 19. Qa4 Ra6 20. Ne5 Rb8 21. b3
Qe8 22. Qd7 Qf8 23. Rc1 Rf6 24. Kg1 Bd2 25. Rc6 Bxe3 26. Rxf6 gxf6 27. Qe6+ Kh8
28. Nd7 Qg7 29. Rh2 Rd8 30. fxe3 Qxd7 31. Qxf6+ Kg8 32. Qg5+ Bg6 33. h4 Rf8 34.
Rh3 0-1

[Event "9th Sunway Sitges 2022"]
[Site "Sitges ESP"]
[Date "2022.12.19"]
[Round "7.78"]
[White "Van Kessel, Wessel"]
[Black "Rakhmangulova, Anastasiya"]
[Result "1/2-1/2"]
[BlackTitle "WIM"]
[WhiteElo "2145"]
[BlackElo "2296"]
[WhiteFideId "233404"]
[BlackFideId "14117479"]
[EventDate "2022.12.12"]

1. Nf3 Nf6 2. b3 d6 3. d4 g6 4. Bb2 Bg7 5. e3 O-O 6. Be2 c6 7. O-O a5 8. a4 Na6
9. Nbd2 Re8 10. e4 Nh5 11. g3 Bh3 12. Re1 e5 13. dxe5 dxe5 14. Nc4 Qc7 15. Qd6
Bg4 16. Qxc7 Nxc7 17. Nd6 Bxf3 18. Nxe8 Rxe8 19. Bxf3 Nf6 20. Bg2 Bf8 21. Bc3 b6
22. Bf1 Bc5 23. h3 h5 24. Kg2 h4 25. g4 Bd4 26. Bxd4 exd4 27. f4 Rxe4 28. Rxe4
Nxe4 29. Re1 Nd2 30. Rd1 Nxf1 31. Kxf1 c5 32. Ke2 Nd5 33. Kf3 f6 34. Rd2 Nc3 35.
Rf2 Kf7 36. Rf1 Nd5 37. Ke4 Nb4 38. Rf2 Ke6 39. Rd2 Kf7 40. Re2 Ke7 41. Rd2 Kf7
42. Re2 Na2 43. Rf2 Nb4 44. Re2 Na2 45. Rf2 Nb4 1/2-1/2

[Event "9th Sunway Sitges 2022"]
[Site "Sitges ESP"]
[Date "2022.12.19"]
[Round "7.79"]
[White "Saya, Ethan"]
[Black "Blasco Coll, Andreu"]
[Result "0-1"]
[WhiteTitle "FM"]
[BlackTitle "CM"]
[WhiteElo "2138"]
[BlackElo "2294"]
[WhiteFideId "26095181"]
[BlackFideId "22272836"]
[EventDate "2022.12.12"]

1. d4 d5 2. c4 c6 3. Nf3 Nf6 4. Qc2 e6 5. Nbd2 Nbd7 6. g3 b6 7. Bg2 Bb7 8. O-O
Be7 9. Rd1 O-O 10. b3 Rc8 11. Bb2 Qc7 12. Rac1 Qb8 13. e4 dxe4 14. Nxe4 c5 15.
Ne5 cxd4 16. Nxd7 Nxd7 17. Rxd4 Ne5 18. Qe2 Qa8 19. Rdd1 Ng6 20. f4 Rfd8 21. Bf3
h6 22. Kg2 Rc7 23. Rxd8+ Qxd8 24. Rd1 Rd7 25. Rxd7 Qxd7 26. Qd2 Qc7 27. Qd4 Bf8
28. h4 Ne7 29. Qe5 Qc8 30. Qd4 Nf5 31. Qd3 Bc6 32. Nf2 Bc5 33. Bxc6 Qxc6+ 34.
Qe4 Qd7 35. Nd3 Ne3+ 36. Kf3 Nf5 37. Nxc5 bxc5 38. Bc3 Qd1+ 39. Kf2 Qc1 40. Qd3
Qh1 41. Qf3 Qb1 42. Qe2 Qc1 43. Qd3 h5 44. b4 cxb4 45. Bxb4 Qh1 46. c5 Qh2+ 47.
Ke1 Qg1+ 48. Kd2 Nxg3 49. Kc3 Nf5 50. Kc4 Qc1+ 51. Kb5 Qxf4 52. a3 Nd4+ 53. Ka6
Nc6 54. Kb7 Nxb4 55. axb4 Qxb4+ 56. Kc6 e5 57. Qf5 Qa4+ 58. Kd5 Qd4+ 59. Kc6 g6
60. Qd7 Kg7 61. Qxa7 e4 62. Qa2 e3 63. Kb5 Qd3+ 64. Kb6 e2 65. Qa1+ Kh7 66. Qe5
Qb3+ 67. Kc6 Qe6+ 0-1

[Event "9th Sunway Sitges 2022"]
[Site "Sitges ESP"]
[Date "2022.12.19"]
[Round "7.80"]
[White "Devnani, Kush"]
[Black "Yordanov, Lachezar"]
[Result "1/2-1/2"]
[BlackTitle "FM"]
[WhiteElo "2134"]
[BlackElo "2294"]
[WhiteFideId "45093806"]
[BlackFideId "2918927"]
[EventDate "2022.12.12"]

1. d4 Nf6 2. c4 e6 3. Nf3 d5 4. g3 Bb4+ 5. Nbd2 dxc4 6. Bg2 O-O 7. Qc2 b5 8. a4
Ba6 9. O-O c6 10. axb5 Bxb5 11. Nxc4 Nbd7 12. Rd1 a5 13. Nfe5 Rc8 14. Bg5 Qc7
15. Nxd7 Nxd7 16. Bf4 Qd8 17. Nd6 Bxd6 18. Bxd6 Re8 19. b3 Qb6 20. e3 h6 21. Bc5
Qc7 22. Qc3 Red8 23. Be7 Re8 24. Bc5 Red8 25. Rd2 Ra8 26. Rda2 Ra6 27. h3 Rda8
28. Kh2 a4 29. bxa4 Rxa4 30. Rxa4 Rxa4 31. Rxa4 Bxa4 1/2-1/2

[Event "9th Sunway Sitges 2022"]
[Site "Sitges ESP"]
[Date "2022.12.19"]
[Round "7.81"]
[White "Yash, Jyoti Bir"]
[Black "Shaik, Sumer Arsh"]
[Result "1/2-1/2"]
[WhiteTitle "WFM"]
[BlackTitle "CM"]
[WhiteElo "2099"]
[BlackElo "2290"]
[WhiteFideId "35027263"]
[BlackFideId "45020000"]
[EventDate "2022.12.12"]

1. e4 e5 2. Nf3 Nc6 3. Bb5 a6 4. Ba4 Nf6 5. O-O b5 6. Bb3 Bc5 7. a4 Rb8 8. Nc3
d6 9. axb5 axb5 10. Nd5 O-O 11. c3 Nxd5 12. Bxd5 Ne7 13. Bb3 Ng6 14. d4 exd4 15.
cxd4 Bb6 16. h3 h6 17. Qd3 Qf6 18. Bc2 Nh4 19. Nxh4 Qxh4 20. Qxb5 f5 21. exf5
Bb7 22. Ra4 Rbe8 23. d5 Qh5 24. Rg4 Bc8 25. Bd1 Qxf5 26. Bxh6 Re1 27. Bf3 Rxf1+
28. Qxf1 Bxf2+ 29. Kh1 Bd4 30. Rxd4 gxh6 31. Qc1 Qf6 32. Rd3 Qg7 33. Be4 Qe5 34.
Qe1 Kh8 35. Re3 Ba6 36. Bf3 Qxb2 37. Re8 Kg7 38. Re7+ Rf7 1/2-1/2

[Event "9th Sunway Sitges 2022"]
[Site "Sitges ESP"]
[Date "2022.12.19"]
[Round "7.82"]
[White "Pogorelov, Ruslan"]
[Black "Hapala, Elisabeth"]
[Result "1-0"]
[WhiteTitle "GM"]
[BlackTitle "WFM"]
[WhiteElo "2288"]
[BlackElo "2075"]
[WhiteFideId "14100363"]
[BlackFideId "1622080"]
[EventDate "2022.12.12"]

1. Nf3 Nf6 2. c4 e6 3. Nc3 b6 4. g3 Bb7 5. Bg2 c5 6. O-O Be7 7. d4 cxd4 8. Qxd4
d6 9. Rd1 a6 10. Bg5 Nbd7 11. Qd2 O-O 12. Bf4 Ne8 13. Rac1 Rc8 14. b3 h6 15. h3
Nc5 16. g4 Ne4 17. Nxe4 Bxe4 18. Ne1 Bxg2 19. Nxg2 b5 20. cxb5 Rxc1 21. Qxc1
axb5 22. Qc6 b4 23. e4 Qa5 24. Qb7 Bf6 25. Rd2 Be5 26. Bxe5 dxe5 27. Ne3 Nf6 28.
Nc4 Qc5 29. Kg2 Nh7 30. Qb6 Qxb6 31. Nxb6 f6 32. Rc2 Rb8 33. Rc8+ Rxc8 34. Nxc8
Ng5 35. f3 Kf8 36. Na7 Ke7 37. Nc6+ Kd6 38. Nxb4 Kc5 39. Nc2 g6 40. h4 Nf7 41.
Kf2 f5 42. Ke3 Nd6 43. Kd3 fxg4 44. fxg4 Ne8 45. a4 g5 46. hxg5 hxg5 47. b4+ Kc6
48. Ke3 Nf6 49. Kf3 Nd7 50. Na3 Nb6 51. a5 Nc8 52. b5+ Kb7 53. Nc4 Ne7 54. a6+
Kb8 55. b6 Nc6 56. Nd6 Nb4 57. a7+ Ka8 58. Ne8 1-0

[Event "9th Sunway Sitges 2022"]
[Site "Sitges ESP"]
[Date "2022.12.19"]
[Round "7.83"]
[White "Nikolov, Yavor"]
[Black "Mamedov, Edgar"]
[Result "1/2-1/2"]
[BlackTitle "FM"]
[WhiteElo "2092"]
[BlackElo "2283"]
[WhiteFideId "2926644"]
[BlackFideId "13739980"]
[EventDate "2022.12.12"]

1. e4 c5 2. Nf3 e6 3. d3 Nc6 4. g3 Nf6 5. Bg2 d6 6. O-O Be7 7. c3 O-O 8. Re1 Bd7
9. d4 cxd4 10. cxd4 d5 11. e5 Ne4 12. Nbd2 Nxd2 13. Bxd2 Qb6 14. Bc3 Rac8 15.
Qd2 Rc7 16. a3 a5 17. Rec1 Rfc8 18. Bf1 Be8 19. Rc2 Qb3 20. Rcc1 Qb6 21. Kg2 f5
22. Ne1 a4 23. Be2 Ra8 24. Nd3 Nd8 25. Bb4 Bxb4 26. Qxb4 Qxb4 27. Nxb4 Rac8 28.
Rxc7 Rxc7 29. Kf1 b5 30. Ke1 Nb7 31. Kd1 Na5 32. Na6 Rc8 33. Nc5 Kf7 34. Rc1 Ke7
35. Rc3 Nc4 36. Bxc4 dxc4 37. Kd2 Rd8 38. Ke3 g5 39. f4 gxf4+ 40. gxf4 Bc6 41.
Ke2 Rxd4 42. Rh3 Bd5 43. Rxh7+ Ke8 44. Rh8+ Kf7 45. Ke3 c3 46. bxc3 Rc4 47. Nd7
Rxc3+ 48. Kd2 Rxa3 49. Nf6 b4 50. h4 Ra2+ 51. Kd3 b3 52. Rh7+ Kf8 53. Rd7 Be4+
54. Kc3 b2 55. Rd8+ Kg7 56. Rd7+ Kf8 57. Rd8+ Kf7 58. Rd7+ 1/2-1/2

[Event "9th Sunway Sitges 2022"]
[Site "Sitges ESP"]
[Date "2022.12.19"]
[Round "7.84"]
[White "Ram, Aravind L N"]
[Black "Assylov, Miras"]
[Result "1-0"]
[WhiteTitle "FM"]
[WhiteElo "2272"]
[BlackElo "2044"]
[WhiteFideId "25033760"]
[BlackFideId "13728873"]
[EventDate "2022.12.12"]

1. e4 c6 2. d4 d5 3. e5 Bf5 4. h4 h5 5. Bd3 Bxd3 6. Qxd3 Qa5+ 7. Nd2 e6 8. Ne2
Ne7 9. b3 Nf5 10. c4 Be7 11. g3 O-O 12. O-O Rd8 13. Nf3 dxc4 14. bxc4 b5 15. Nf4
bxc4 16. Qxc4 Qb5 17. Qxb5 cxb5 18. Rd1 Nc6 19. d5 exd5 20. Nxd5 Kf8 21. Bg5
Bxg5 22. hxg5 Rac8 23. g6 fxg6 24. Nf4 Rxd1+ 25. Rxd1 Nfe7 26. Ne6+ Ke8 27. Rd6
Nf5 28. Rd5 a6 29. Nfg5 Nb4 30. Rd2 Nc6 31. Nf4 Rd8 32. Re2 Rd1+ 33. Kg2 Nfd4
34. Re3 Nf5 35. Re4 Nce7 36. e6 Rd2 37. a3 Ra2 38. Nf7 Rxa3 39. Re2 Rc3 40. Rd2
Rc8 41. Rd7 b4 42. Rb7 a5 43. Ne5 a4 44. Rxb4 Ra8 45. Nc4 Nc6 46. Rb6 Nfe7 47.
Na3 Kd8 48. Rb7 Kc8 49. Rd7 Ra7 50. Rd2 Rb7 51. Nc4 Rb4 52. Rc2 Kb8 53. Nd3 Rb7
54. Nc5 Ra7 55. Ra2 Kc7 56. Nxa4 Nb4 57. Rd2 Nbd5 58. Nc5 Kc6 59. Ne4 Nf6 60.
Ne5+ Kb7 61. Rb2+ Kc8 62. Rc2+ Kd8 63. Nd6 1-0

[Event "9th Sunway Sitges 2022"]
[Site "Sitges ESP"]
[Date "2022.12.19"]
[Round "7.85"]
[White "Hiren, K G"]
[Black "Schneider, Jana"]
[Result "0-1"]
[BlackTitle "FM"]
[WhiteElo "1965"]
[BlackElo "2272"]
[WhiteFideId "35053400"]
[BlackFideId "12924997"]
[EventDate "2022.12.12"]

1. e4 e5 2. Nf3 Nc6 3. Bb5 a6 4. Ba4 Nf6 5. O-O b5 6. Bb3 Bc5 7. a4 Rb8 8. axb5
axb5 9. Nxe5 Nxe5 10. d4 Bxd4 11. Qxd4 d6 12. f4 Nc6 13. Qd3 O-O 14. Nc3 Re8 15.
e5 dxe5 16. Qxd8 Nxd8 17. fxe5 Rxe5 18. Bf4 Rc5 19. Be3 Rh5 20. Bd4 Ne8 21. Ba7
Ra8 22. Rfe1 Be6 23. Bd5 c6 24. Bf3 Rf5 25. Be4 Rh5 26. Bb6 Rc8 27. Bf3 Rf5 28.
Ra7 b4 29. Na4 Nd6 30. Nc5 Nc4 31. Bg4 Re5 32. Rxe5 Nxe5 33. Bxe6 Nxe6 34. Nxe6
fxe6 35. Bc5 Rb8 36. b3 Rb5 37. Be3 Ng4 38. Bd4 e5 39. Ba1 Rd5 40. g3 Rd1+ 41.
Kg2 Rd2+ 42. Kf3 Nxh2+ 43. Ke4 Re2+ 44. Kf5 Nf3 45. Ra8+ Kf7 46. Ra7+ Kf8 47. c3
bxc3 48. Bxc3 Nd4+ 49. Kg4 Re4+ 50. Kg5 h6+ 51. Kg6 Rg4+ 52. Kh7 c5 53. Rb7 Rxg3
54. Rb5 Kf7 55. b4 Ne6 56. Bxe5 Re3 57. Ra5 Rxe5 0-1

[Event "9th Sunway Sitges 2022"]
[Site "Sitges ESP"]
[Date "2022.12.19"]
[Round "7.86"]
[White "Domene Mulyukov, Alexander"]
[Black "Tudor, Henry Edward"]
[Result "0-1"]
[WhiteTitle "FM"]
[WhiteElo "2271"]
[BlackElo "1942"]
[WhiteFideId "24589802"]
[BlackFideId "2409836"]
[EventDate "2022.12.12"]

1. e4 c5 2. Nf3 e6 3. g3 d5 4. exd5 exd5 5. d4 cxd4 6. Nxd4 Nc6 7. Bg2 Bc5 8.
Nb3 Qe7+ 9. Qe2 Qxe2+ 10. Kxe2 Bb6 11. a4 Nge7 12. Bf4 Bf5 13. Na3 O-O 14. Rhe1
Rfe8 15. Kf1 Rad8 16. Bd2 a6 17. Re2 Bg4 18. f3 Be6 19. a5 Ba7 20. Nc1 Bf5 21.
g4 Bg6 22. f4 Be4 23. Nb3 h5 24. Bxe4 dxe4 25. Rxe4 hxg4 26. Rae1 f5 27. Re6 Kf7
28. Nc4 Bb8 29. Nc5 Nd4 30. Bb4 Nxe6 31. Nxe6 Nd5 32. Nxd8+ Rxd8 33. Bd2 Bxf4
34. Bxf4 Nxf4 35. Re5 Kf6 36. Rc5 Rd1+ 37. Kf2 Rc1 38. Kg3 Kg5 39. Nd6 Rg1+ 40.
Kf2 Rg2+ 41. Kf1 g6 42. Nf7+ Kf6 43. Nd6 Rxh2 44. Rc3 Kg5 45. Nf7+ Kh4 46. Ne5
g3 47. Nf3+ Kg4 48. Ne5+ Kh3 49. Nf3 Rh1+ 50. Ng1+ Kh2 0-1

[Event "9th Sunway Sitges 2022"]
[Site "Sitges ESP"]
[Date "2022.12.19"]
[Round "7.87"]
[White "Pousada Garcia, Daniel"]
[Black "Kostov, Deyan Samuil"]
[Result "1/2-1/2"]
[BlackTitle "FM"]
[WhiteElo "1960"]
[BlackElo "2260"]
[WhiteFideId "2278642"]
[BlackFideId "30909015"]
[EventDate "2022.12.12"]

1. e4 c5 2. Nf3 e6 3. c3 d5 4. exd5 Qxd5 5. d4 Nf6 6. Be2 Nc6 7. O-O Be7 8. Na3
O-O 9. Nb5 Qd8 10. dxc5 Bxc5 11. Bg5 a6 12. Nbd4 Nxd4 13. Nxd4 Qe7 14. Nb3 Ba7
15. Bf3 h6 16. Bh4 e5 17. Qe2 g5 18. Bg3 e4 19. Rfe1 Re8 20. Qc2 Bf5 21. Be2 Bg6
22. Nd4 Rac8 23. Rad1 e3 24. Qb3 Ne4 25. Bf3 Nxf2 26. Bxf2 exf2+ 27. Kxf2 Qf6
28. Qxb7 Bc5 29. Qd5 Rxe1 30. Kxe1 Qf4 31. g3 Qe3+ 32. Kf1 Bc2 33. Re1 Bd3+ 34.
Be2 Bxd4 35. Qxd4 Qf3+ 36. Qf2 Qh1+ 37. Qg1 Qf3+ 38. Qf2 Qh1+ 39. Qg1 Qd5 40.
Qd4 Bxe2+ 41. Rxe2 Qxa2 42. Qf6 Qd5 43. Qxh6 Rd8 44. Qh5 Kg7 45. Qh3 Qf3+ 46.
Ke1 Qh1+ 47. Kf2 Rh8 48. Qg4 Rxh2+ 49. Ke3 Qc1+ 50. Kd3 Qb1+ 51. Ke3 Qc1+ 52.
Kd3 Qd1+ 53. Ke3 f6 54. Qf3 Qc1+ 55. Kd3 Qb1+ 56. Ke3 Qg1+ 57. Kd3 Rxe2 58. Kxe2
a5 59. Qb7+ Kh6 60. Qb8 Qg2+ 61. Ke3 Qc6 62. Qh8+ Kg6 63. Qb8 Kf5 64. Kd4 Kg4
65. b4 a4 66. b5 Qd7+ 67. Kc4 Qe6+ 68. Kd3 a3 69. b6 a2 70. Qa7 Qf5+ 71. Kd4
Qf2+ 72. Kd5 Qb2 73. b7 a1=Q 74. Qxa1 Qxa1 75. b8=Q Qxc3 76. Qb2 Qf3+ 77. Ke6 f5
78. Kf6 Qc6+ 79. Kg7 Qc7+ 80. Kf6 Qd6+ 81. Kf7 Qxg3 82. Qb1 Qf3 83. Qg1+ Kh4 84.
Kg6 Qg3 85. Qh1+ Kg4 86. Qd1+ Kf4 87. Qd4+ Kf3 88. Qd3+ Kg2 89. Qxf5 g4 90. Kg5
Kh3 91. Qf1+ Kh2 92. Qe2+ Kh3 93. Qf1+ 1/2-1/2

[Event "9th Sunway Sitges 2022"]
[Site "Sitges ESP"]
[Date "2022.12.19"]
[Round "7.90"]
[White "Aditya, Varun Gampa"]
[Black "Nesse, David"]
[Result "1-0"]
[WhiteElo "2249"]
[BlackElo "1809"]
[WhiteFideId "45066183"]
[BlackFideId "1519875"]
[EventDate "2022.12.12"]

1. e4 c5 2. Nc3 Nc6 3. Bb5 Nd4 4. Nf3 Nxb5 5. Nxb5 g6 6. d4 Bg7 7. e5 a6 8. Nc3
cxd4 9. Qxd4 Nh6 10. Bxh6 Bxh6 11. h4 Bg7 12. h5 d6 13. O-O-O O-O 14. hxg6 fxg6
15. Qc4+ d5 16. Nxd5 Be6 17. Qh4 Kf7 18. Nf6 1-0

[Event "9th Sunway Sitges 2022"]
[Site "Sitges ESP"]
[Date "2022.12.19"]
[Round "7.91"]
[White "Vaibhav, Jayant Raut"]
[Black "Morais, Miguel Almeida"]
[Result "1-0"]
[WhiteTitle "CM"]
[WhiteElo "2247"]
[BlackElo "1844"]
[WhiteFideId "5089034"]
[BlackFideId "1960687"]
[EventDate "2022.12.12"]

1. c4 c6 2. e4 d5 3. exd5 cxd5 4. d4 Nf6 5. Nc3 Nc6 6. Nf3 Bg4 7. cxd5 Nxd5 8.
Qb3 Bxf3 9. gxf3 e6 10. Qxb7 Nxd4 11. Bb5+ Nxb5 12. Qc6+ Ke7 13. Qxb5 Qd7 14.
Qe2 Nxc3 15. bxc3 f6 16. O-O Kf7 17. Be3 Be7 18. c4 Rac8 19. Rab1 Rc7 20. Rfc1
Rhc8 21. Rb3 Qa4 22. Rbc3 Bb4 23. Rb3 Bd6 24. Rbc3 Qa5 25. Qd3 Bb4 26. Rb3 g6
27. c5 Bxc5 28. Rxc5 Rxc5 29. Qd7+ Kf8 30. Bh6+ 1-0

[Event "9th Sunway Sitges 2022"]
[Site "Sitges ESP"]
[Date "2022.12.19"]
[Round "7.92"]
[White "Saravanan, Durga"]
[Black "Frederic, Clement"]
[Result "1-0"]
[WhiteElo "1784"]
[BlackElo "2245"]
[WhiteFideId "35068601"]
[BlackFideId "637319"]
[EventDate "2022.12.12"]

1. d4 f5 2. Bg5 h6 3. Bh4 g5 4. e3 Nf6 5. Bg3 d6 6. Nc3 Nc6 7. h4 g4 8. h5 Bg7
9. Bc4 e5 10. dxe5 Nxe5 11. Bb3 Qe7 12. Nge2 Bd7 13. Nf4 c6 14. Ng6 Nxg6 15.
Bxd6 Qd8 16. hxg6 Qa5 17. Bf7+ Kd8 18. Qd2 Kc8 19. Rd1 b5 20. a3 a6 21. Qd4 Qd8
22. Be5 Rb8 23. Qa7 Qb6 24. Bxb8 Qxb8 25. Qxa6+ Qb7 26. Qxb7+ Kxb7 27. O-O Kc7
28. Rfe1 Rb8 29. Ne2 Ne4 30. c3 Ng5 31. Bb3 Be8 32. Nf4 Bd7 33. Nh5 Be5 34. g7
Ne6 35. g8=Q Rxg8 36. Nf4 Re8 37. Rxd7+ Kxd7 38. Nxe6 Rxe6 39. Bxe6+ Kxe6 40.
Rd1 Bf6 41. Kf1 Be7 42. Ke2 Bf6 43. Rh1 Bg7 44. Rh5 Bf8 45. Kd3 c5 46. c4 1-0

[Event "9th Sunway Sitges 2022"]
[Site "Sitges ESP"]
[Date "2022.12.19"]
[Round "7.93"]
[White "Lever, Erwan"]
[Black "Krassel, Timofei"]
[Result "1-0"]
[WhiteElo "2241"]
[BlackElo "1787"]
[WhiteFideId "20640099"]
[BlackFideId "55733948"]
[EventDate "2022.12.12"]

1. d4 Nf6 2. Nc3 d5 3. Bf4 g6 4. h4 h5 5. e3 Bg7 6. Nf3 c6 7. Bd3 Bg4 8. Qd2
Bxf3 9. gxf3 Nfd7 10. O-O-O e5 11. dxe5 Bxe5 12. Bxe5 Nxe5 13. Be2 Qf6 14. f4
Ng4 15. Bxg4 hxg4 16. Qe2 Nd7 17. Qxg4 O-O-O 18. e4 Qe6 19. Qxe6 fxe6 20. Rdg1
Rdf8 21. Ne2 dxe4 22. Rxg6 e5 23. fxe5 Nxe5 24. Rg5 Rxf2 25. Rxe5 Rxe2 26. Kd1
Rg2 27. Rxe4 Rh5 28. Re7 Kb8 29. b3 Rg4 30. Rf1 a5 31. Rff7 Rb4 32. a3 Rbb5 33.
Re4 Rbc5 34. a4 Rhd5+ 35. Kc1 Rf5 36. Ree7 Rxf7 37. Rxf7 Rc3 38. Rf5 Rh3 39. h5
b6 40. Rf8+ Kb7 41. Rf7+ Kb8 42. Rh7 Rh2 43. h6 Kc8 44. Kd1 Kb8 45. Ke1 Rxc2 46.
Rg7 1-0

[Event "9th Sunway Sitges 2022"]
[Site "Sitges ESP"]
[Date "2022.12.19"]
[Round "7.94"]
[White "Van Dael, Siem"]
[Black "Barkasheva, Sofia"]
[Result "1-0"]
[WhiteTitle "FM"]
[WhiteElo "2345"]
[BlackElo "1588"]
[WhiteFideId "1049771"]
[BlackFideId "4510615"]
[EventDate "2022.12.12"]

1. e4 c5 2. Nf3 e6 3. d4 cxd4 4. Nxd4 a6 5. c4 Nf6 6. Nc3 Bb4 7. Qd3 Nc6 8. Nc2
Bc5 9. Be2 Qc7 10. Bg5 d6 11. O-O Ne5 12. Qg3 Bd7 13. Rfd1 h6 14. Bf4 g5 15.
Bxe5 dxe5 16. b4 Be7 17. c5 Bc6 18. Qe3 Nd7 19. a4 b6 20. Nd5 exd5 21. exd5 Nxc5
22. dxc6 Ne6 23. Qe4 Nf4 24. Bg4 Bd6 25. Ne3 Rd8 26. g3 Ng6 27. Nd5 Qb8 28. Rac1
Bc7 29. Nxc7+ Qxc7 30. Rd7 Qc8 31. Rxd8+ Qxd8 32. c7 1-0